| 000 | 00000nam 2200000zi 4500 |
| 001 | 9.940647 |
| 003 | CaOODSP |
| 005 | 20240813110917 |
| 006 | m o d f |
| 007 | cr cn||||||||| |
| 008 | 240716t20242024bccbd ob f000 0 eng d |
| 020 | |a9780660728100 |
| 040 | |aCaOODSP|beng|erda|cCaOODSP |
| 043 | |an-cn-nf |
| 086 | 1 |aFs97-18/382E-PDF |
| 100 | 1 |aCyr, Frédéric, |eauthor. |
| 245 | 10|aPhysical oceanographic conditions on the Newfoundland and Labrador Shelf during 2023 / |cby Frédéric Cyr, Jonathan Coyne, Steve Snook, Charlie Bishop, Peter S. Galbraith, Nancy Chen and Guoqi Han. |
| 264 | 1|aSidney, BC : |bFisheries and Oceans Canada, Northwest Atlantic Fisheries Centre, Maurice-Lamontagne Institute, Institute of Ocean Sciences, |c2024. |
| 264 | 4|c©2024 |
| 300 | |a1 online resource (iv, 54 pages) : |bmaps, graphs. |
| 336 | |atext|btxt|2rdacontent |
| 337 | |acomputer|bc|2rdamedia |
| 338 | |aonline resource|bcr|2rdacarrier |
| 490 | 1 |aCanadian technical report of hydrography and ocean sciences, |x1488-5417 ; |v382 |
| 504 | |aIncludes bibliographical references (pages 52-54). |
| 546 | |aIncludes abstracts in English and French. |
| 650 | 0|aOceanography|zNewfoundland and Labrador|vObservations. |
| 650 | 6|aOcéanographie|zTerre-Neuve-et-Labrador|vObservations. |
| 710 | 1 |aCanada. |bDepartment of Fisheries and Oceans, |eissuing body. |
| 830 | #0|aCanadian technical report of hydrography and ocean sciences,|x1488-5417 ; |v382.|w(CaOODSP)9.504781 |
| 856 | 40|qPDF|s10.11 MB|uhttps://publications.gc.ca/collections/collection_2024/mpo-dfo/Fs97-18-382-eng.pdf |